000
00328 a2200157 4500
001
150049
020
_a
8530504631
040
_c
Escola São Tomás de Aquino
100
_a
CUNHA, Leo
240
1
0
_a
Lápis encantado
_l
por
245
1
0
_a
Lápis encantado
300
_a
29
362
0
_a
2006
697
_a
Poesia
942
_c
BK
999
_c
150049
_d
150049